000
00193nam a2200073Ia 4500
008
170817s9999 xx 000 0 und d
100
_a
VERGHSE B.V.
245
0
_a
RECRUITMENT & TRAINING OF PRIMARY TEACHER
260
_b
ANMOL PUB.
999
_c
37976
_d
37976